Estudio histr̤ico y jurd̕ico sobre la titularidad de la Mezquita-Catedral de Cr̤doba

Bibliographic Details
Main Author: Cano Montejano, Jos ̌Carlos
Other Authors: Fernǹdez-Miranda, Jorge
Format: eBook
Language:Spanish
Published: Madrid: Dykinson, 2019
Subjects:
Online Access:Acceso restringido

MARC

LEADER 00000nam a22000007a 4500
005 2020052203173.0
007 cr|||| ||||
008 200522s2019 es |||||s|||| 00||0 spa d
020 |a 978-84-1324-588-1 
035 |a 31442 
040 |a vLex 
090 |c 10380  |d 10380 
100 1 |a Cano Montejano, Jos ̌Carlos 
245 1 0 |a Estudio histr̤ico y jurd̕ico sobre la titularidad de la Mezquita-Catedral de Cr̤doba  |h [Recurso electrn̤ico] /  |c Jos ̌Carlos Cano Montejano, Jorge Fernǹdez-Miranda 
256 |a Servicio en ln̕ea 
260 |a Madrid:  |b Dykinson,  |c 2019 
300 |a 1 recurso electrn̤ico 
506 1 |a Disponible solo en los productos indicados  |d vLex Global  |d vLex Global (Academic Edition, excluding Law Schools)  |d vLex Global (U.S. Academic Edition, Law Schools)  |d vLex Global (U.S. Academic Edition, excluding Law Schools)  |d vLex Global (Academic Edition, Law Schools) 
650 0 4 |a Derecho Militar  |z Espaą 
700 1 |a Fernǹdez-Miranda, Jorge 
740 0 |a vLex Libros (Servicio en ln̕ea) 
856 4 0 |u http://vlex.com/source/estudio-historico-juridico-titularidad-mezquita-catedral-cordoba-31442  |z Acceso restringido 
942 |c BOOK 
999 0 |a Military Law